| 000 | 00525nam a2200181Ia 4500 | ||
|---|---|---|---|
| 005 | 20250326124132.0 | ||
| 008 | 250326s9999 xx 000 0 und d | ||
| 037 | _aTextbook | ||
| 040 |
_aFMSL _beng _cFMSL |
||
| 041 |
_aeng _2eng |
||
| 084 |
_aX:51y7 L8;1 _qFMSL |
||
| 100 |
_aDholakia N _9272702 |
||
| 245 | 0 |
_aMarketing management: cases and concepts _cDholakia N; Khurana R And Others |
|
| 260 |
_aUSA _bUSA, Macmillan _c1978 |
||
| 300 | _a640p | ||
| 942 |
_cTB _hX:51y7 L8;1 |
||
| 999 |
_c1272436 _d1272436 |
||